00759nam a2200229Ia 4500001000400000003000900004005001700013008004100030020001800071040002800089041000800117082002600125100003200151245006900183260003200252300001800284650002600302650002200328942001200350999001500362952015200377108DO-SdBJH20180120165239.0180110s9999 dr 000 0 spa d a958-06-0000-7 aDO-SdBJHbspacDO-SdBJH bspa aRD 863.44 G216at 19851 aGarcía Márquez, Gabriel10aEl amor en los tiempos del cólera / Gabriel García Márquez aBogotá: Oveja Negra, 1985 a473 páginas4 aLiteratura colombiana4 aNovela colombiana 2ddccBK c1993d1993 00102ddc40708RDaBJPSbBJPScGENd2018-01-18i17-EARD-00164l0oRD 863.44 G216at 1985p17-EARD-00164r2018-01-20 00:00:00tEj.1w2018-01-18yBK